| 000 | 00649nam a22002057a 4500 | ||
|---|---|---|---|
| 003 | DO-SdBNP | ||
| 005 | 20170714075812.0 | ||
| 007 | DO-SdBNP | ||
| 008 | 170714b1999 ck || 0 spa d | ||
| 020 | _a9580409641 | ||
| 040 |
_aBPMSU _bspa _cBPMSU |
||
| 100 | _aWalschburger, Ute Bergdolt de. | ||
| 245 | 1 | 0 |
_aWLeyendas de nuestra América / _cUte Bergdolt dalschburger ; ilustración de Alfredo Lleras. |
| 260 |
_aBogotá, Colombia _bEditorial Norma, _c1999 |
||
| 300 |
_a192 p. : _bil. ; _c19 cm. |
||
| 490 | _aTorre de papel.(Torre azúl) | ||
| 830 |
_aTorre de papel.( _pTorre azúl |
||
| 942 |
_2ddc _cBK |
||
| 956 |
_aVMATEO _b10 _c20170714 _dBPMSU _f0069 |
||
| 999 |
_c12583 _d12583 |
||